[Event "DEM U14w 2022"]
[Site "Willingen GER"]
[Date "2022.06.10"]
[Round "8"]
[White "Wartenberg, Alissa"]
[Black "Peglau, Dora"]
[Result "1/2-1/2"]
[Termination "normal"]
[Board "1"]
[WhiteElo "1790"]
[BlackElo "2008"]
[WhiteClock "00:43:13"]
[BlackClock "01:15:57"]
[PlyCount "46"]
[WhiteFideId "16280741"]
[BlackFideId "16220005"]
[EventCountry "GER"]
[EventRounds "9"]
[EventType "swiss"]
[EventDate "2022.06.04"]

1. e4 {[%clk 1:30:58]} c6 {[%clk 1:30:50]} 2. Nf3 {[%clk 1:31:22]} d5 {[%clk
1:31:15]} 3. Nc3 {[%clk 1:31:47]} dxe4 {[%clk 1:31:24]} 4. Nxe4 {[%clk
1:32:10]} Nf6 {[%clk 1:31:47]} 5. Qe2 {[%clk 1:32:13]} Nxe4 {[%clk 1:32:03]} 6.
Qxe4 {[%clk 1:32:37]} Qd5 {[%clk 1:32:24]} 7. Qh4 {[%clk 1:27:10]} Qe6+ {[%clk
1:32:01]} 8. Be2 {[%clk 1:25:29]} Qg4 {[%clk 1:32:27]} 9. Qxg4 {[%clk 1:23:04]}
Bxg4 {[%clk 1:32:53]} 10. O-O {[%clk 1:20:54]} e6 {[%clk 1:31:25]} 11. d4
{[%clk 1:13:56]} Be7 {[%clk 1:27:12]} 12. h3 {[%clk 1:11:09]} Bh5 {[%clk
1:26:39]} 13. Bf4 {[%clk 1:08:37]} O-O {[%clk 1:25:59]} 14. c3 {[%clk 1:06:39]}
c5 {[%clk 1:21:53]} 15. dxc5 {[%clk 1:01:44]} Bxc5 {[%clk 1:21:04]} 16. Rfe1
{[%clk 1:01:35]} Nc6 {[%clk 1:17:14]} 17. Nd2 {[%clk 0:59:00]} Bxe2 {[%clk
1:16:55]} 18. Rxe2 {[%clk 0:58:54]} Rfd8 {[%clk 1:15:58]} 19. Nb3 {[%clk
0:58:53]} Bb6 {[%clk 1:15:58]} 20. Ree1 {[%clk 0:48:21]} Rd7 {[%clk 1:15:14]}
21. Rad1 {[%clk 0:47:08]} Rad8 {[%clk 1:15:33]} 22. Rxd7 {[%clk 0:46:43]} Rxd7
{[%clk 1:15:57]} 23. Kf1 {[%clk 0:43:13]} Kf8 1/2-1/2

[Event "DEM U14w 2022"]
[Site "Willingen GER"]
[Date "2022.06.10"]
[Round "8"]
[White "Bräutigam, Katerina"]
[Black "Trunz, Michelle"]
[Result "0-1"]
[Termination "normal"]
[Board "2"]
[WhiteElo "1797"]
[BlackElo "1712"]
[WhiteClock "00:06:14"]
[BlackClock "00:38:13"]
[PlyCount "104"]
[WhiteFideId "16242980"]
[BlackFideId "16227980"]
[EventCountry "GER"]
[EventRounds "9"]
[EventType "swiss"]
[EventDate "2022.06.04"]

1. e4 {[%clk 1:30:58]} e6 {[%clk 1:30:56]} 2. d3 {[%clk 1:30:53]} c5 {[%clk
1:31:13]} 3. Nf3 {[%clk 1:30:52]} Nc6 {[%clk 1:28:36]} 4. Qe2 {[%clk 1:28:44]}
g6 {[%clk 1:27:30]} 5. Nc3 {[%clk 1:24:24]} Bg7 {[%clk 1:27:33]} 6. g3 {[%clk
1:23:23]} Nge7 {[%clk 1:27:04]} 7. Bg2 {[%clk 1:15:06]} O-O {[%clk 1:27:16]} 8.
O-O {[%clk 1:09:05]} a6 {[%clk 1:25:28]} 9. Be3 {[%clk 0:55:09]} Nd4 {[%clk
1:24:53]} 10. Qd2 {[%clk 0:52:49]} Re8 {[%clk 1:21:23]} 11. Rfe1 {[%clk
0:37:51]} d6 {[%clk 1:17:21]} 12. Rab1 {[%clk 0:30:21]} b5 {[%clk 1:15:23]} 13.
e5 {[%clk 0:27:32]} Bb7 {[%clk 0:58:56]} 14. Nxd4 {[%clk 0:21:55]} cxd4 {[%clk
0:40:28]} 15. Bxb7 {[%clk 0:19:47]} dxe3 {[%clk 0:38:32]} 16. fxe3 {[%clk
0:17:19]} Ra7 {[%clk 0:38:16]} 17. exd6 {[%clk 0:16:54]} Rxb7 {[%clk 0:38:05]}
18. dxe7 {[%clk 0:17:16]} Qxe7 {[%clk 0:37:28]} 19. d4 {[%clk 0:15:17]} f5
{[%clk 0:36:33]} 20. Ne2 {[%clk 0:11:58]} Rd7 {[%clk 0:36:08]} 21. c3 {[%clk
0:07:25]} e5 {[%clk 0:35:49]} 22. b3 {[%clk 0:05:53]} Qg5 {[%clk 0:33:30]} 23.
d5 {[%clk 0:03:55]} Bh6 {[%clk 0:33:00]} 24. Kf2 {[%clk 0:01:37]} Qh5 {[%clk
0:30:33]} 25. Kg2 {[%clk 0:01:43]} Qg4 {[%clk 0:29:51]} 26. Kg1 {[%clk
0:00:34]} Qe4 {[%clk 0:28:57]} 27. Nf4 {[%clk 0:00:36]} Red8 {[%clk 0:27:09]}
28. Ne6 {[%clk 0:00:32]} Rxd5 {[%clk 0:27:10]} 29. Qg2 {[%clk 0:00:35]} Qxg2+
{[%clk 0:25:47]} 30. Kxg2 {[%clk 0:01:02]} R8d6 {[%clk 0:25:03]} 31. Nd4 {[%clk
0:00:33]} exd4 {[%clk 0:24:05]} 32. exd4 {[%clk 0:01:01]} Rd8 {[%clk 0:24:20]}
33. Rbd1 {[%clk 0:00:37]} Kf7 {[%clk 0:24:11]} 34. Rd3 {[%clk 0:00:39]} b4
{[%clk 0:23:46]} 35. cxb4 {[%clk 0:00:34]} Rxd4 {[%clk 0:23:57]} 36. Rc3 {[%clk
0:00:34]} Bd2 {[%clk 0:23:13]} 37. Rc7+ {[%clk 0:00:59]} R4d7 {[%clk 0:23:07]}
38. Rxd7+ {[%clk 0:01:15]} Rxd7 {[%clk 0:23:33]} 39. Rd1 {[%clk 0:01:34]} Ke6
{[%clk 0:23:43]} 40. a3 {[%clk 0:01:36]} Bg5 {[%clk 0:22:54]} 41. Re1+ {[%clk
0:29:04]} Kd6 {[%clk 0:52:48]} 42. Re8 {[%clk 0:24:27]} Kc6 {[%clk 0:52:07]}
43. Re6+ {[%clk 0:18:25]} Kb7 {[%clk 0:50:37]} 44. a4 {[%clk 0:15:57]} Rd2+
{[%clk 0:50:37]} 45. Kg1 {[%clk 0:13:21]} Rd3 {[%clk 0:46:04]} 46. b5 {[%clk
0:11:51]} axb5 {[%clk 0:46:05]} 47. axb5 {[%clk 0:11:44]} Rxb3 {[%clk 0:46:15]}
48. Rd6 {[%clk 0:10:49]} Kc7 {[%clk 0:45:18]} 49. Rd5 {[%clk 0:09:48]} Rb2
{[%clk 0:42:46]} 50. Kh1 {[%clk 0:08:02]} Be7 {[%clk 0:38:11]} 51. Kg1 {[%clk
0:06:58]} Bd6 {[%clk 0:38:05]} 52. Kh1 {[%clk 0:06:14]} Kd7 {[%clk 0:38:13]}
0-1

[Event "DEM U14w 2022"]
[Site "Willingen GER"]
[Date "2022.06.10"]
[Round "8"]
[White "Hoffmann, Sophia"]
[Black "Marrufo, Emilia"]
[Result "1-0"]
[Termination "normal"]
[Board "14"]
[WhiteElo "1289"]
[BlackElo "998"]
[WhiteClock "00:16:47"]
[BlackClock "00:50:50"]
[PlyCount "121"]
[WhiteFideId "16259130"]
[BlackFideId "16287363"]
[EventCountry "GER"]
[EventRounds "9"]
[EventType "swiss"]
[EventDate "2022.06.04"]

1. d4 {[%clk 1:30:57]} d5 {[%clk 1:30:47]} 2. Bf4 {[%clk 1:31:21]} Nf6 {[%clk
1:30:42]} 3. Nf3 {[%clk 1:31:38]} Bg4 {[%clk 1:27:44]} 4. e3 {[%clk 1:31:12]}
e6 {[%clk 1:24:47]} 5. c4 {[%clk 1:30:54]} c5 {[%clk 1:22:57]} 6. Qb3 {[%clk
1:28:00]} Qb6 {[%clk 1:19:26]} 7. Qxb6 {[%clk 1:26:48]} axb6 {[%clk 1:19:42]}
8. Nc3 {[%clk 1:25:38]} Nc6 {[%clk 1:16:52]} 9. Nb5 {[%clk 1:17:41]} Rc8 {[%clk
1:13:44]} 10. a3 {[%clk 1:02:43]} Be7 {[%clk 1:11:21]} 11. Be2 {[%clk 0:57:05]}
O-O 12. O-O Ne4 {[%clk 1:05:37]} 13. Rfd1 {[%clk 0:55:54]} Rfd8 {[%clk
1:01:49]} 14. Rac1 {[%clk 0:49:54]} Bd6 {[%clk 0:55:38]} 15. Nxd6 {[%clk
0:48:46]} Nxd6 {[%clk 0:55:51]} 16. cxd5 {[%clk 0:47:28]} exd5 {[%clk 0:55:16]}
17. dxc5 {[%clk 0:46:18]} bxc5 {[%clk 0:54:21]} 18. Rxc5 {[%clk 0:42:46]} Ne4
{[%clk 0:53:24]} 19. Rcxd5 {[%clk 0:41:43]} Rxd5 {[%clk 0:52:11]} 20. Rxd5
{[%clk 0:40:19]} Rd8 {[%clk 0:51:37]} 21. Rxd8+ {[%clk 0:39:32]} Nxd8 {[%clk
0:51:56]} 22. Nd4 {[%clk 0:37:57]} Bxe2 {[%clk 0:50:25]} 23. Nxe2 {[%clk
0:38:20]} Ne6 {[%clk 0:49:51]} 24. Be5 {[%clk 0:37:39]} N6c5 {[%clk 0:48:30]}
25. Nf4 {[%clk 0:33:41]} f6 {[%clk 0:47:46]} 26. Bd4 {[%clk 0:32:10]} Nb3
{[%clk 0:47:30]} 27. Kf1 {[%clk 0:31:02]} Nxd4 {[%clk 0:46:22]} 28. exd4 {[%clk
0:31:18]} Nd2+ {[%clk 0:45:58]} 29. Ke2 {[%clk 0:31:11]} Nc4 {[%clk 0:45:56]}
30. Nd3 {[%clk 0:31:06]} Kf7 {[%clk 0:46:08]} 31. Kf3 {[%clk 0:24:21]} Ke6
{[%clk 0:45:37]} 32. Nc5+ {[%clk 0:14:42]} Kd5 {[%clk 0:45:42]} 33. Nxb7 {[%clk
0:14:52]} Kxd4 {[%clk 0:46:03]} 34. a4 {[%clk 0:13:54]} Kd5 {[%clk 0:45:46]}
35. b4 {[%clk 0:12:44]} Kc6 {[%clk 0:45:50]} 36. Na5+ {[%clk 0:12:02]} Nxa5
{[%clk 0:46:01]} 37. bxa5 {[%clk 0:12:27]} Kb7 {[%clk 0:46:18]} 38. Ke4 {[%clk
0:12:35]} Ka6 {[%clk 0:46:39]} 39. Kf5 {[%clk 0:12:46]} Kxa5 {[%clk 0:46:52]}
40. Ke6 {[%clk 0:13:06]} Kxa4 {[%clk 0:47:02]} 41. Kf7 {[%clk 0:13:28]} Kb3
{[%clk 0:47:02]} 42. Kxg7 {[%clk 0:10:41]} Kc2 {[%clk 0:45:17]} 43. Kxf6 {[%clk
0:10:26]} Kd2 {[%clk 0:45:28]} 44. Kg7 {[%clk 0:10:46]} Ke2 {[%clk 0:45:48]}
45. Kxh7 {[%clk 0:10:49]} Kxf2 {[%clk 0:46:21]} 46. g4 {[%clk 0:11:14]} Kg2
{[%clk 0:46:21]} 47. g5 {[%clk 0:11:38]} Kxh2 {[%clk 0:46:24]} 48. g6 {[%clk
0:12:05]} Kg3 {[%clk 0:46:45]} 49. g7 {[%clk 0:12:30]} Kf2 {[%clk 0:47:11]} 50.
g8=Q {[%clk 0:12:53]} Ke2 {[%clk 0:47:27]} 51. Qg3 {[%clk 0:13:13]} Kd2 {[%clk
0:47:48]} 52. Qf3 {[%clk 0:13:35]} Kc2 {[%clk 0:48:07]} 53. Qe3 {[%clk
0:13:57]} Kb2 54. Qd3 {[%clk 0:14:10]} Ka1 {[%clk 0:48:45]} 55. Qd2 {[%clk
0:14:31]} Kb1 {[%clk 0:49:06]} 56. Kg6 {[%clk 0:14:51]} Ka1 {[%clk 0:49:26]}
57. Kf5 {[%clk 0:15:17]} Kb1 {[%clk 0:49:51]} 58. Ke4 {[%clk 0:15:43]} Ka1
{[%clk 0:50:14]} 59. Kd4 {[%clk 0:16:02]} Kb1 {[%clk 0:50:36]} 60. Kc3 {[%clk
0:16:26]} Ka1 {[%clk 0:50:50]} 61. Qb2# {[%clk 0:16:47]} 1-0